000
00322nam a2200157Ia 4500
100
_a
Kelly Al/ Pohl/ Ira
250
_a
3
942
_c
BK
654
_a
computer
245
_a
C by Dissection
260
_b
Addison Wesley Pub
_a
NONE
_c
1996
082
_a
5.133
_b
KEL
300
_a
687
546
_a
ENGLISH
999
_c
31363
_d
31363